1938 1916 1508 1852 1216 1388 1973 1254 1791 1956 1107 1205 1189 1297 1838 1021 1343 1804 1006 1863 1854 1900 1281 1336 1574 1751 1622 1861 1747 1085 1806 1358 1045 1999 1817 1275 1112 1495 1328 1466 1123 1583 1173 1558 1601 1503 1751 1554 1022 1848 1414 1508 1297 1920 1836 1528 1602 1705 1554 1694 1907 1561 1057 1452 1668 1918 1423 1608 1430 1346 1913 1224 1985 1288 1191 1694 1178 1755 1370 1314 1507 1120 1658 1650 1256 1353 1869 1683 1506 1391 1953 1796 1340 1365 1757 1749 1912 1193 1598 BCNSPRNW ULIB Ver.6.0+V

เปลี่ยนเป็นภาษาไทย

Change to English
 แสดงรายละเอียดบรรณานุกรม
  กลับหน้าหลัก

Brief Record : Get Marc (ISO 2709) : E-mail record : QR code < ปิดหน้าต่าง
LEADER : 00000nam 2200000uu 4500
001    13399115233
003     ULIB
008    120801s2550||||th 000 0 tha d
020    ^a9789744896650
050 04 ^aQA76.75^bบ242ม 2550
100 0  ^aบอกอ ปะยิ
245 10 ^aมือใหม่หัดใช้ PowerPoint 2007/^cบอกอ ปะยิ
250    ^aพิมพ์ครั้งที่ 1
260    ^aกรุงเทพฯ :^bซัคเซส มีเดีย,^c2550
300    ^a224 หน้า :^bภาพประกอบ ;^c22 ซม
650  7 ^apower point
650  7 ^aโปรแกรมคอมพิวเตอร์
710 1  ^aซัคเซส มีเดีย
945    ^p0^l0^i19165
995    ^aกัณชพร
999 ^a ใช้งานได้ทุกระบบ
รายการนี้ยังไม่มีแท็ก
คุณยังไม่ได้ล็อกอิน คุณสามารถมีกิจกรรมร่วมกับเว็บไซต์ได้ แต่ต้องล็อกอินก่อน ::
  ล็อกอิน

รายการสื่อสารสนเทศ

ลำดับที่ ประเภท เลขเรียก/บาร์โค้ด สถานที่ สถานะ
- ไม่พบข้อมูล -

รายการใกล้เคียง
    ผู้แต่ง [บอกอ ปะยิ]

    หัวเรื่อง [power point]
    หัวเรื่อง [โปรแกรมคอมพิวเตอร์]

BibComment


ยังไม่เคยถูกคอมเมนท์

คอมเมนท์ทรัพยากรรายการนี้
  คอมเมนท์: มือใหม่หัดใช้ Po..


 Copyright 2026. Bcnsprnw @Library